|
|
|
|
| LEADER |
00000naa0a2200000 4500 |
| 001 |
663878 |
| 005 |
20250505160233.0 |
| 035 |
|
|
|a (RuTPU)RU\TPU\network\35048
|
| 035 |
|
|
|a RU\TPU\network\34632
|
| 090 |
|
|
|a 663878
|
| 100 |
|
|
|a 20210315d2021 k||y0rusy50 ba
|
| 101 |
0 |
|
|a eng
|
| 135 |
|
|
|a drcn ---uucaa
|
| 181 |
|
0 |
|a i
|
| 182 |
|
0 |
|a b
|
| 200 |
1 |
|
|a Electrodeposited Hydroxyapatite-Based Biocoatings: Recent Progress and Future Challenges
|f M. S. Safavi, F. C. Walsh, M. A. Surmeneva [et al.]
|
| 203 |
|
|
|a Text
|c electronic
|
| 320 |
|
|
|a [References: 316 tit.]
|
| 330 |
|
|
|a Hydroxyapatite has become an important coating material for bioimplants, following the introduction of synthetic HAp in the 1950s. The HAp coatings require controlled surface roughness/porosity, adequate corrosion resistance and need to show favorable tribological behavior. The deposition rate must be sufficiently fast and the coating technique needs to be applied at different scales on substrates having a diverse structure, composition, size, and shape. A detailed overview of dry and wet coating methods is given. The benefits of electrodeposition include controlled thickness and morphology, ability to coat a wide range of component size/shape and ease of industrial processing. Pulsed current and potential techniques have provided denser and more uniform coatings on different metallic materials/implants. The mechanism of HAp electrodeposition is considered and the effect of operational variables on deposit properties is highlighted. The most recent progress in the field is critically reviewed. Developments in mineral substituted and included particle, composite HAp coatings, including those reinforced by metallic, ceramic and polymeric particles; carbon nanotubes, modified graphenes, chitosan, and heparin, are considered in detail. Technical challenges which deserve further research are identified and a forward look in the field of the electrodeposited HAp coatings is taken.
|
| 461 |
|
|
|t Coatings
|
| 463 |
|
|
|t Vol. 11, iss. 1
|v [110, 64 p.]
|d 2021
|
| 610 |
1 |
|
|a труды учёных ТПУ
|
| 610 |
1 |
|
|a электронный ресурс
|
| 610 |
1 |
|
|a bioactivity
|
| 610 |
1 |
|
|a biocompatibility
|
| 610 |
1 |
|
|a coating
|
| 610 |
1 |
|
|a corrosion
|
| 610 |
1 |
|
|a electrodeposition
|
| 610 |
1 |
|
|a hydroxyapatite
|
| 610 |
1 |
|
|a биоактивные зоны
|
| 610 |
1 |
|
|a биосовместимость
|
| 610 |
1 |
|
|a коррозии
|
| 610 |
1 |
|
|a электроосаждение
|
| 610 |
1 |
|
|a гидроксиапатиты
|
| 701 |
|
1 |
|a Safavi
|b M. S.
|g Mir Saman
|
| 701 |
|
1 |
|a Walsh
|b F. C.
|g Frank
|
| 701 |
|
1 |
|a Surmeneva
|b M. A.
|c specialist in the field of material science
|c engineer-researcher of Tomsk Polytechnic University, Associate Scientist
|f 1984-
|g Maria Alexandrovna
|3 (RuTPU)RU\TPU\pers\31894
|9 15966
|
| 701 |
|
1 |
|a Surmenev
|b R. A.
|c physicist
|c Associate Professor of Tomsk Polytechnic University, Senior researcher, Candidate of physical and mathematical sciences
|f 1982-
|g Roman Anatolievich
|3 (RuTPU)RU\TPU\pers\31885
|9 15957
|
| 701 |
|
1 |
|a Jafar
|b K. A.
|g Khalil-Allafi
|
| 712 |
0 |
2 |
|a Национальный исследовательский Томский политехнический университет
|b Исследовательская школа химических и биомедицинских технологий
|b Научно-исследовательский центр "Физическое материаловедение и композитные материалы"
|3 (RuTPU)RU\TPU\col\24957
|
| 801 |
|
2 |
|a RU
|b 63413507
|c 20210315
|g RCR
|
| 850 |
|
|
|a 63413507
|
| 856 |
4 |
|
|u https://doi.org/10.3390/coatings11010110
|
| 942 |
|
|
|c CF
|